Ukraine and Republic of Moldova - Borders in Conflict Zones

Ukrajinská kríza. Hranice v konfliktných zónach. Donbas a Podnestersko v teórii a praxi. Ponaučenie z udalostí.

Salvato in:
Dettagli Bibliografici
Autore principale: Goda, Samuel
Natura: Capitolo di libro
Lingua:inglese
Soggetti:
Tags: Aggiungi Tag
Nessun Tag, puoi essere il primo ad aggiungerne!!

MARC

LEADER 00000nla a2200000 4500
001 0241505
005 20240502073931.2
041 0 |a eng 
044 |a SK 
245 1 0 |a Ukraine and Republic of Moldova - Borders in Conflict Zones  |c Samuel Goda 
520 |a Ukrajinská kríza. Hranice v konfliktných zónach. Donbas a Podnestersko v teórii a praxi. Ponaučenie z udalostí. 
610 2 0 |a konflikty 
610 2 0 |a vojny 
610 2 0 |a kríza 
610 2 0 |a hranice štátne 
610 2 0 |a Ukrajina 
610 2 0 |a Moldavsko 
100 1 |a Goda, Samuel